<?xml version="1.0" encoding="UTF-8"?>
<marc:record xmlns:marc="http://www.loc.gov/MARC21/slim" type="Bibliographic">
   <marc:leader>00000pam a2200000 c 4500</marc:leader>
   <marc:controlfield tag="001">891324003</marc:controlfield>
   <marc:controlfield tag="003">DE-101</marc:controlfield>
   <marc:controlfield tag="005">20171202141515.0</marc:controlfield>
   <marc:controlfield tag="007">tu</marc:controlfield>
   <marc:controlfield tag="008">890814s1989    au ||||| |||| 00||||ger  </marc:controlfield>
   <marc:datafield ind1=" " ind2=" " tag="015">
      <marc:subfield code="a">90,A18,1542</marc:subfield>
      <marc:subfield code="z">89,N36,0571</marc:subfield>
      <marc:subfield code="2">dnb</marc:subfield>
   </marc:datafield>
   <marc:datafield ind1="7" ind2=" " tag="016">
      <marc:subfield code="2">DE-101</marc:subfield>
      <marc:subfield code="a">891324003</marc:subfield>
   </marc:datafield>
   <marc:datafield ind1=" " ind2=" " tag="020">
      <marc:subfield code="a">9783900977016</marc:subfield>
      <marc:subfield code="c">Pp. : DM 42.00, S 298.00</marc:subfield>
      <marc:subfield code="9">978-3-900977-01-6</marc:subfield>
   </marc:datafield>
   <marc:datafield ind1=" " ind2=" " tag="020">
      <marc:subfield code="a">3900977011</marc:subfield>
      <marc:subfield code="c">Pp. : DM 42.00, S 298.00</marc:subfield>
      <marc:subfield code="9">3-900977-01-1</marc:subfield>
   </marc:datafield>
   <marc:datafield ind1=" " ind2=" " tag="035">
      <marc:subfield code="a">(DE-599)DNB891324003</marc:subfield>
   </marc:datafield>
   <marc:datafield ind1=" " ind2=" " tag="035">
      <marc:subfield code="a">(OCoLC)230984483</marc:subfield>
   </marc:datafield>
   <marc:datafield ind1=" " ind2=" " tag="040">
      <marc:subfield code="a">1200</marc:subfield>
      <marc:subfield code="b">ger</marc:subfield>
      <marc:subfield code="c">DE-101</marc:subfield>
      <marc:subfield code="d">9999</marc:subfield>
   </marc:datafield>
   <marc:datafield ind1=" " ind2=" " tag="041">
      <marc:subfield code="a">ger</marc:subfield>
   </marc:datafield>
   <marc:datafield ind1=" " ind2=" " tag="043">
      <marc:subfield code="c">XA-SUHH</marc:subfield>
      <marc:subfield code="c">XA-AT</marc:subfield>
      <marc:subfield code="c">XA-SUHH</marc:subfield>
      <marc:subfield code="c">XA-AT</marc:subfield>
   </marc:datafield>
   <marc:datafield ind1=" " ind2=" " tag="044">
      <marc:subfield code="c">XA-AT</marc:subfield>
   </marc:datafield>
   <marc:datafield ind1=" " ind2=" " tag="084">
      <marc:subfield code="a">63</marc:subfield>
      <marc:subfield code="a">900</marc:subfield>
      <marc:subfield code="a">920</marc:subfield>
      <marc:subfield code="a">930</marc:subfield>
      <marc:subfield code="a">940</marc:subfield>
      <marc:subfield code="a">943</marc:subfield>
      <marc:subfield code="a">950</marc:subfield>
      <marc:subfield code="a">960</marc:subfield>
      <marc:subfield code="a">970</marc:subfield>
      <marc:subfield code="a">980</marc:subfield>
      <marc:subfield code="a">990</marc:subfield>
      <marc:subfield code="q">DE-101</marc:subfield>
      <marc:subfield code="2">sdnb</marc:subfield>
   </marc:datafield>
   <marc:datafield ind1=" " ind2=" " tag="084">
      <marc:subfield code="a">27.20p</marc:subfield>
      <marc:subfield code="a">16.5</marc:subfield>
      <marc:subfield code="a">16.5</marc:subfield>
      <marc:subfield code="a">7.2c</marc:subfield>
      <marc:subfield code="a">7.7b</marc:subfield>
      <marc:subfield code="q">DE-101</marc:subfield>
      <marc:subfield code="2">sswd</marc:subfield>
   </marc:datafield>
   <marc:datafield ind1="1" ind2=" " tag="100">
      <marc:subfield code="0">(DE-588)118904116</marc:subfield>
      <marc:subfield code="0">http://d-nb.info/gnd/118904116</marc:subfield>
      <marc:subfield code="0">(DE-101)118904116</marc:subfield>
      <marc:subfield code="a">Rohr, Angela</marc:subfield>
      <marc:subfield code="d">1890-1985</marc:subfield>
      <marc:subfield code="e">Verfasser</marc:subfield>
      <marc:subfield code="4">aut</marc:subfield>
   </marc:datafield>
   <marc:datafield ind1="0" ind2="0" tag="245">
      <marc:subfield code="a">Im Angesicht der Todesengel Stalins</marc:subfield>
      <marc:subfield code="c">Helene Golnipa. Hrsg. von Isabella Ackerl</marc:subfield>
   </marc:datafield>
   <marc:datafield ind1=" " ind2="1" tag="264">
      <marc:subfield code="a">Mattersburg-Katzelsdorf</marc:subfield>
      <marc:subfield code="b">Ed. Tau</marc:subfield>
      <marc:subfield code="c">1989</marc:subfield>
   </marc:datafield>
   <marc:datafield ind1=" " ind2=" " tag="300">
      <marc:subfield code="a">334 S.</marc:subfield>
      <marc:subfield code="b">1 Ill.</marc:subfield>
      <marc:subfield code="c">22 cm</marc:subfield>
   </marc:datafield>
   <marc:datafield ind1=" " ind2=" " tag="336">
      <marc:subfield code="a">Text</marc:subfield>
      <marc:subfield code="b">txt</marc:subfield>
      <marc:subfield code="2">rdacontent</marc:subfield>
   </marc:datafield>
   <marc:datafield ind1=" " ind2=" " tag="337">
      <marc:subfield code="a">ohne Hilfsmittel zu benutzen</marc:subfield>
      <marc:subfield code="b">n</marc:subfield>
      <marc:subfield code="2">rdamedia</marc:subfield>
   </marc:datafield>
   <marc:datafield ind1=" " ind2=" " tag="338">
      <marc:subfield code="a">Band</marc:subfield>
      <marc:subfield code="b">nc</marc:subfield>
      <marc:subfield code="2">rdacarrier</marc:subfield>
   </marc:datafield>
   <marc:datafield ind1="1" ind2="7" tag="600">
      <marc:subfield code="0">(DE-588)118904116</marc:subfield>
      <marc:subfield code="0">http://d-nb.info/gnd/118904116</marc:subfield>
      <marc:subfield code="0">(DE-101)118904116</marc:subfield>
      <marc:subfield code="a">Rohr, Angela</marc:subfield>
      <marc:subfield code="d">1890-1985</marc:subfield>
      <marc:subfield code="2">gnd</marc:subfield>
   </marc:datafield>
   <marc:datafield ind1=" " ind2="7" tag="648">
      <marc:subfield code="a">Geschichte 1927-1941</marc:subfield>
      <marc:subfield code="2">gnd</marc:subfield>
   </marc:datafield>
   <marc:datafield ind1=" " ind2="7" tag="648">
      <marc:subfield code="a">Geschichte 1941-1957</marc:subfield>
      <marc:subfield code="2">gnd</marc:subfield>
   </marc:datafield>
   <marc:datafield ind1=" " ind2="7" tag="650">
      <marc:subfield code="0">(DE-588)4015959-0</marc:subfield>
      <marc:subfield code="0">http://d-nb.info/gnd/4015959-0</marc:subfield>
      <marc:subfield code="0">(DE-101)040159590</marc:subfield>
      <marc:subfield code="a">Exil</marc:subfield>
      <marc:subfield code="2">gnd</marc:subfield>
   </marc:datafield>
   <marc:datafield ind1=" " ind2="7" tag="650">
      <marc:subfield code="0">(DE-588)4075594-0</marc:subfield>
      <marc:subfield code="0">http://d-nb.info/gnd/4075594-0</marc:subfield>
      <marc:subfield code="0">(DE-101)040755940</marc:subfield>
      <marc:subfield code="a">Österreicher</marc:subfield>
      <marc:subfield code="2">gnd</marc:subfield>
   </marc:datafield>
   <marc:datafield ind1=" " ind2="7" tag="650">
      <marc:subfield code="0">(DE-588)4002716-8</marc:subfield>
      <marc:subfield code="0">http://d-nb.info/gnd/4002716-8</marc:subfield>
      <marc:subfield code="0">(DE-101)040027163</marc:subfield>
      <marc:subfield code="a">Arbeitslager</marc:subfield>
      <marc:subfield code="2">gnd</marc:subfield>
   </marc:datafield>
   <marc:datafield ind1=" " ind2="7" tag="650">
      <marc:subfield code="0">(DE-588)4076230-0</marc:subfield>
      <marc:subfield code="0">http://d-nb.info/gnd/4076230-0</marc:subfield>
      <marc:subfield code="0">(DE-101)040762300</marc:subfield>
      <marc:subfield code="a">Politischer Gefangener</marc:subfield>
      <marc:subfield code="2">gnd</marc:subfield>
   </marc:datafield>
   <marc:datafield ind1=" " ind2="7" tag="650">
      <marc:subfield code="0">(DE-588)4075594-0</marc:subfield>
      <marc:subfield code="0">http://d-nb.info/gnd/4075594-0</marc:subfield>
      <marc:subfield code="0">(DE-101)040755940</marc:subfield>
      <marc:subfield code="a">Österreicher</marc:subfield>
      <marc:subfield code="2">gnd</marc:subfield>
   </marc:datafield>
   <marc:datafield ind1=" " ind2="7" tag="651">
      <marc:subfield code="0">(DE-588)4074987-3</marc:subfield>
      <marc:subfield code="0">http://d-nb.info/gnd/4074987-3</marc:subfield>
      <marc:subfield code="0">(DE-101)040749878</marc:subfield>
      <marc:subfield code="a">Moskau</marc:subfield>
      <marc:subfield code="2">gnd</marc:subfield>
   </marc:datafield>
   <marc:datafield ind1=" " ind2="7" tag="651">
      <marc:subfield code="0">(DE-588)4077548-3</marc:subfield>
      <marc:subfield code="0">http://d-nb.info/gnd/4077548-3</marc:subfield>
      <marc:subfield code="0">(DE-101)040775488</marc:subfield>
      <marc:subfield code="a">Sowjetunion</marc:subfield>
      <marc:subfield code="2">gnd</marc:subfield>
   </marc:datafield>
   <marc:datafield ind1=" " ind2="7" tag="655">
      <marc:subfield code="0">(DE-588)4003939-0</marc:subfield>
      <marc:subfield code="0">http://d-nb.info/gnd/4003939-0</marc:subfield>
      <marc:subfield code="0">(DE-101)040039390</marc:subfield>
      <marc:subfield code="a">Autobiografie</marc:subfield>
      <marc:subfield code="2">gnd-content</marc:subfield>
   </marc:datafield>
   <marc:datafield ind1=" " ind2="7" tag="655">
      <marc:subfield code="0">(DE-588)4133254-4</marc:subfield>
      <marc:subfield code="0">http://d-nb.info/gnd/4133254-4</marc:subfield>
      <marc:subfield code="0">(DE-101)041332547</marc:subfield>
      <marc:subfield code="a">Erlebnisbericht</marc:subfield>
      <marc:subfield code="2">gnd-content</marc:subfield>
   </marc:datafield>
   <marc:datafield ind1=" " ind2="7" tag="655">
      <marc:subfield code="a">Autobiographie</marc:subfield>
      <marc:subfield code="2">gnd</marc:subfield>
   </marc:datafield>
   <marc:datafield ind1=" " ind2="7" tag="655">
      <marc:subfield code="a">Erlebnisbericht</marc:subfield>
      <marc:subfield code="2">gnd</marc:subfield>
   </marc:datafield>
   <marc:datafield ind1=" " ind2="7" tag="655">
      <marc:subfield code="a">Erlebnisbericht</marc:subfield>
      <marc:subfield code="2">gnd</marc:subfield>
   </marc:datafield>
   <marc:datafield ind1="0" ind2="0" tag="689">
      <marc:subfield code="0">(DE-588)118904116</marc:subfield>
      <marc:subfield code="0">http://d-nb.info/gnd/118904116</marc:subfield>
      <marc:subfield code="0">(DE-101)118904116</marc:subfield>
      <marc:subfield code="D">p</marc:subfield>
      <marc:subfield code="a">Rohr, Angela</marc:subfield>
      <marc:subfield code="d">1890-1985</marc:subfield>
   </marc:datafield>
   <marc:datafield ind1="0" ind2="1" tag="689">
      <marc:subfield code="A">f</marc:subfield>
      <marc:subfield code="a">Autobiographie</marc:subfield>
   </marc:datafield>
   <marc:datafield ind1="0" ind2=" " tag="689">
      <marc:subfield code="5">DE-101</marc:subfield>
      <marc:subfield code="5">DE-101</marc:subfield>
   </marc:datafield>
   <marc:datafield ind1="1" ind2="0" tag="689">
      <marc:subfield code="0">(DE-588)4074987-3</marc:subfield>
      <marc:subfield code="0">http://d-nb.info/gnd/4074987-3</marc:subfield>
      <marc:subfield code="0">(DE-101)040749878</marc:subfield>
      <marc:subfield code="D">g</marc:subfield>
      <marc:subfield code="a">Moskau</marc:subfield>
   </marc:datafield>
   <marc:datafield ind1="1" ind2="1" tag="689">
      <marc:subfield code="0">(DE-588)4015959-0</marc:subfield>
      <marc:subfield code="0">http://d-nb.info/gnd/4015959-0</marc:subfield>
      <marc:subfield code="0">(DE-101)040159590</marc:subfield>
      <marc:subfield code="D">s</marc:subfield>
      <marc:subfield code="a">Exil</marc:subfield>
   </marc:datafield>
   <marc:datafield ind1="1" ind2="2" tag="689">
      <marc:subfield code="0">(DE-588)4075594-0</marc:subfield>
      <marc:subfield code="0">http://d-nb.info/gnd/4075594-0</marc:subfield>
      <marc:subfield code="0">(DE-101)040755940</marc:subfield>
      <marc:subfield code="D">s</marc:subfield>
      <marc:subfield code="a">Österreicher</marc:subfield>
   </marc:datafield>
   <marc:datafield ind1="1" ind2="3" tag="689">
      <marc:subfield code="A">z</marc:subfield>
      <marc:subfield code="a">Geschichte 1927-1941</marc:subfield>
   </marc:datafield>
   <marc:datafield ind1="1" ind2="4" tag="689">
      <marc:subfield code="A">f</marc:subfield>
      <marc:subfield code="a">Erlebnisbericht</marc:subfield>
   </marc:datafield>
   <marc:datafield ind1="1" ind2=" " tag="689">
      <marc:subfield code="5">DE-101</marc:subfield>
      <marc:subfield code="5">DE-101</marc:subfield>
   </marc:datafield>
   <marc:datafield ind1="2" ind2="0" tag="689">
      <marc:subfield code="0">(DE-588)4077548-3</marc:subfield>
      <marc:subfield code="0">http://d-nb.info/gnd/4077548-3</marc:subfield>
      <marc:subfield code="0">(DE-101)040775488</marc:subfield>
      <marc:subfield code="D">g</marc:subfield>
      <marc:subfield code="a">Sowjetunion</marc:subfield>
   </marc:datafield>
   <marc:datafield ind1="2" ind2="1" tag="689">
      <marc:subfield code="0">(DE-588)4002716-8</marc:subfield>
      <marc:subfield code="0">http://d-nb.info/gnd/4002716-8</marc:subfield>
      <marc:subfield code="0">(DE-101)040027163</marc:subfield>
      <marc:subfield code="D">s</marc:subfield>
      <marc:subfield code="a">Arbeitslager</marc:subfield>
   </marc:datafield>
   <marc:datafield ind1="2" ind2="2" tag="689">
      <marc:subfield code="0">(DE-588)4076230-0</marc:subfield>
      <marc:subfield code="0">http://d-nb.info/gnd/4076230-0</marc:subfield>
      <marc:subfield code="0">(DE-101)040762300</marc:subfield>
      <marc:subfield code="D">s</marc:subfield>
      <marc:subfield code="a">Politischer Gefangener</marc:subfield>
   </marc:datafield>
   <marc:datafield ind1="2" ind2="3" tag="689">
      <marc:subfield code="0">(DE-588)4075594-0</marc:subfield>
      <marc:subfield code="0">http://d-nb.info/gnd/4075594-0</marc:subfield>
      <marc:subfield code="0">(DE-101)040755940</marc:subfield>
      <marc:subfield code="D">s</marc:subfield>
      <marc:subfield code="a">Österreicher</marc:subfield>
   </marc:datafield>
   <marc:datafield ind1="2" ind2="4" tag="689">
      <marc:subfield code="A">z</marc:subfield>
      <marc:subfield code="a">Geschichte 1941-1957</marc:subfield>
   </marc:datafield>
   <marc:datafield ind1="2" ind2="5" tag="689">
      <marc:subfield code="A">f</marc:subfield>
      <marc:subfield code="a">Erlebnisbericht</marc:subfield>
   </marc:datafield>
   <marc:datafield ind1="2" ind2=" " tag="689">
      <marc:subfield code="5">DE-101</marc:subfield>
      <marc:subfield code="5">DE-101</marc:subfield>
   </marc:datafield>
   <marc:datafield ind1=" " ind2=" " tag="850">
      <marc:subfield code="a">DE-101a</marc:subfield>
      <marc:subfield code="a">DE-101b</marc:subfield>
   </marc:datafield>
</marc:record>
